01305cam a22003614i 4500003000900000005001700009008004100026035001900067040003300086082001700119100003000136245008100166264005400247300005700301336002100358337002500379338002300404500003900427504002800466505033900494526001000833526001000843526001000853526001000863526000800873526000800881526000800889526000800897526000800905526000800913526000800921650001400929PE-LiUPU20250731173144.0150623s r 000 0 d a(Sirsi) a27773 aPE-LiUPUbspacPE-LiUPUerda04a251bL892211 aLowry, Eugene L.,eautor.14aThe homiletical plot :bthe sermon as narrative art form /cLowry, Eugene L. 1aLouisville :bWestminster John Knox Press,c1980. a137 páginas :bilustraciones, gráficos ;c20 cm. atext2rdacontent aunmediated2rdamedia avolume2rdacarrier aExpanded Edition: Edic. ampliada. aIncluye bibliografía.0 aThe sermon as narrative. The image of the sermon. Getting started. plot forms. The stages of the homiletical plot. Upsetting the equilibrium. Analyzing the discrepancy. Disclosing the clue to resolution. Experiencing the gospel. Anticipating the consequences. Other consideratons. Variatons. Preparation Biblical narrative preaching. aSEG42 aSEG41 aSEG40 aSEG39 aP94 aP87 aP86 aP85 aP77 aP76 aP3504aSermones.